Crisis and renewal: Meeting the challenge of organizational change (Record no. 172720)

MARC details
000 -LEADER
fixed length control field 00407nam a2200145Ia 4500
008 - FIXED-LENGTH DATA ELEMENTS--GENERAL INFORMATION
fixed length control field 230917s9999||||xx |||||||||||||| ||und||
040 ## - CATALOGING SOURCE
-- 212189
Original cataloging agency VIVEKANANDA LIBRARY
041 ## - Language
-- English
082 ## - DDC NUMBER
Classification number 658.4 H943C
100 ## - MAIN ENTRY--PERSONAL NAME
Personal name Hurst, David K
245 #0 - TITLE STATEMENT
Title Crisis and renewal: Meeting the challenge of organizational change
260 ## - PUBLICATION, DISTRIBUTION, ETC. (IMPRINT)
Place of publication, distribution, etc Boston
Name of publisher, distributor, etc Harvard Business Review Press
Date of publication, distribution, etc 2002
300 ## - PHYSICAL DESCRIPTION
Pages 229 p.
942 ## - ADDED ENTRY ELEMENTS (KOHA)
Koha item type Books
Holdings
Withdrawn status Lost status Damaged status Not for loan Location (home branch) Sublocation or collection (holding branch) Shelving location Date acquired Koha issues (times borrowed) Koha full call number Accession No. Koha date last seen Koha item type
        VIVEKANANDA LIBRARY VIVEKANANDA LIBRARY IMSAR Library 11/11/2013   658.4 H943C 323957 17/09/2023 Books
© Designed and Maintained by Vivekananda Library, MDU Rohtak